000 00305nam a22001457a 4500
008 210604b ||||| |||| 00| 0 eng d
020 _a97804950605515
041 _aeng
080 _a541
082 _a541
100 _a12
101 _aKIM
245 _aChemistry in Focus
_cTro,N
942 _2udc
_cBK
999 _c57952
_d57952